| 000 | 00860nam a22002657a 4500 | ||
|---|---|---|---|
| 005 | 20220329141123.0 | ||
| 008 | 971010s1975 r 00010 d | ||
| 010 | _a62901 | ||
| 011 | _a63873 | ||
| 035 | _a68454 | ||
| 082 |
_a621.3815 _bB4y |
||
| 100 | 0 | 0 |
_aBergtold, Fritz. _911797 |
| 245 | _aCircuitos integrados en aplicaciones prácticas | ||
| 260 |
_aBarcelona : _bGustavo Gili, _c1975 |
||
| 300 |
_a154 p. _b: ilus. |
||
| 490 | _aBiblioteca de electrónica | ||
| 590 |
_aBATCH-UPD _b10 _c20130110 _lUCH01 _h0504 |
||
| 590 |
_aBATCH-UPD _b10 _c20130410 _lUCH01 _h0141 |
||
| 590 |
_aBATCH-UPD _b10 _c20130914 _lUCH01 _h0607 |
||
| 590 |
_aCONVERSION _b10 _c20130109 _lUCH01 _h1334 |
||
| 650 | 1 | 4 |
_aCircuitos electrónicos. _923357 |
| 830 | 0 |
_aBiblioteca de electrónica _912310 |
|
| 901 | _aBK | ||
| 949 |
_a621.3815 B4y _bMA _cLIBRO _d-575 _eLIBRO _h1411 _i68454 _si |
||
| 999 |
_c62901 _d62901 |
||